000 01181nac a22002531u 4500
008 110505s2011 enk|||||r|||| 001 0 eng d
010 _a 2006020788
020 _a1408009234
020 _a9781408009239
082 0 0 _a658.84
_bCZI
100 _aCzinkota, Michael R.
_923624
245 1 0 _aInternational Marketing /
_cMichael R. Czinkota, Ilkka A. Ronkainen.
250 _a9th ed.
260 _aHampshire :
_bSouth Western/ Cengage Learning,2011
_c2011
300 _a592 p.:
_bill. ;
_c28 cm.
504 _aIncludes bibliographical references and index
650 0 _aExport marketing.
_923625
653 _bBus
_cApril2011
700 1 _aRonkainen, Ilkka A.
_923626
856 4 1 _3Table of contents only
_uhttp://www.loc.gov/catdir/toc/ecip0615/2006020788.html
942 _cBB
_k658.84 CZI
_2ddc
999 _c15250
_d15250